| 000 | 01245cam a2200349 a 4500 | ||
|---|---|---|---|
| 999 |
_c1013 _d1013 |
||
| 001 | 005533012 | ||
| 003 | OSt | ||
| 005 | 20200312163500.0 | ||
| 008 | 190815t20182017nyu j 000 1 eng d | ||
| 020 |
_a9781481430494 _q(pbk.) : |
||
| 020 |
_a1481430491 _q(pbk.) : |
||
| 040 |
_aNCNU _beng _cNCNU _dNCNU _eAACR2 |
||
| 041 | 0 | _aeng | |
| 042 | _anbic | ||
| 082 | _aFIC HAN | ||
| 100 | 1 |
_aHan, Jenny, _eauthor. |
|
| 245 | 1 | 0 |
_aAlways and forever, Lara Jean / _cJenny Han. |
| 260 |
_aNew York, N.Y. : _bSimon & Schuster BFYR, _c2018. |
||
| 300 |
_a325 p. ; _c21 cm. |
||
| 440 |
_aTo all the boys I've loved before ; _nBook 3. |
||
| 520 | _aAs high school ends, Lara Jean looks forward to her father's remarriage and seeing her sister, but she must choose a college, prepare to leave home, and possibly leave her beloved Peter behind. | ||
| 650 | 0 |
_aMan-woman relationships _vJuvenile fiction. |
|
| 650 | 0 |
_aCollege choice _vJuvenile fiction. |
|
| 650 | 0 |
_aRemarriage _vJuvenile fiction. |
|
| 650 | 0 |
_aWeddings _vJuvenile fiction. |
|
| 650 | 0 |
_aSisters _vJuvenile fiction. |
|
| 650 | 0 | _aYoung adult fiction. | |
| 650 | 1 |
_aLove _vFiction. |
|
| 650 | 1 |
_aDating (Social customs) _vFiction. |
|
| 650 | 1 |
_aWeddings _vFiction. |
|
| 942 |
_2ddc _cFIC |
||